| 000 | 01196cam a2200337 a 4500 | ||
|---|---|---|---|
| 001 | 12086568 | ||
| 003 | ARRUPE | ||
| 005 | 20140515113826.0 | ||
| 008 | 000419s2000 ug b 001 0 eng | ||
| 010 | _a 99502427 | ||
| 020 | _a9970022040 | ||
| 035 | _a(DLC) 99502427 | ||
| 040 |
_aDLC _cDLC _dDLC |
||
| 042 | _alcode | ||
| 043 | _af-ug--- | ||
| 050 | 0 | 0 |
_aJQ2951.A91 _bN6 2000 |
| 245 | 0 | 0 |
_aNo-party democracy in Uganda : _bmyths and realities / _cedited by Justus Mugaju & J. Oloka-Onyango. |
| 260 |
_aKampala, Uganda : _bFountain Publishers, _c2000. |
||
| 300 |
_av, 158 p. ; _c21 cm. |
||
| 504 | _aIncludes bibliographical references (p. 146-153) and index. | ||
| 610 | 2 | 0 |
_aNational Resistance Movement (Uganda) _910159 |
| 650 | 0 |
_aPolitical parties _zUganda. _910160 |
|
| 650 | 0 |
_aOne-party systems _zUganda. _910161 |
|
| 650 | 0 |
_aDemocracy _zUganda. _910162 |
|
| 651 | 0 |
_aUganda _xPolitics and government _y1979- _910163 |
|
| 700 | 1 |
_aMugaju, Justus. _910164 |
|
| 700 | 1 |
_aOloka-Onyango, Joseph. _910165 |
|
| 906 |
_a7 _bcbc _corigode _d3 _encip _f19 _gy-gencatlg |
||
| 942 |
_2lcc _cMONOGRAPH |
||
| 999 |
_c120485 _d120485 |
||